000 00976nam a22002897a 4500
003 CHAP
005 20220329143858.0
008 120511s2006 mx a r 00010 d
010 _a103157
011 _a104129
035 _a114818
040 _cCHAP
090 _aFolleto 18219
245 0 0 _aFrancia y México unidos frente al cambio climático = La France et le Mexique unis face au changement climatique
_c/por
260 _a[México] :
_bEmbajada de Francia en México,
_c[200-?]
300 _ahoja desplegable :
_bilus.
500 _aBilingüe (español y frances)
590 _aBATCH-UPD
_b10
_c20130110
_lUCH01
_h1351
590 _aBATCH-UPD
_b10
_c20130410
_lUCH01
_h0847
590 _aBATCH-UPD
_b10
_c20130914
_lUCH01
_h0821
590 _aCONVERSION
_b10
_c20130109
_lUCH01
_h1357
650 1 4 _aCambio climático.
_917781
650 1 4 _aClimatología.
_923864
901 _aBK
942 _cFOLL
949 _aFolleto 18219
_bBC
_cFOLL
_d33724002330157
_eTS1
_i114818
_sb
999 _c103157
_d103157